[Event "DVM U16 2019"]
[Site "Magdeburg GER"]
[Date "2019.12.28"]
[Round "3"]
[White "Huber, Benedikt"]
[Black "Krastev, Alexander"]
[Result "0-1"]
[Termination "normal"]
[Board "3.1"]
[BlackTitle "FM"]
[WhiteElo "2133"]
[BlackElo "2323"]
[WhiteClock "00:00:36"]
[BlackClock "00:00:54"]
[WhiteTeam "SK München Südost"]
[BlackTeam "Biebertaler Schachfreunde"]
[PlyCount "130"]
[WhiteFideId "12923583"]
[BlackFideId "12989983"]
[EventCountry "GER"]
[EventRounds "7"]
[EventType "team-swiss"]
[EventDate "2019.12.26"]

1. d4 {[%clk 1:30:56]} Nf6 {[%clk 1:30:55]} 2. c4 {[%clk 1:31:12]} c5 {[%clk
1:31:20]} 3. d5 {[%clk 1:31:28]} g6 {[%clk 1:31:46]} 4. Nc3 {[%clk 1:31:43]}
Bg7 {[%clk 1:32:13]} 5. e4 {[%clk 1:31:59]} O-O {[%clk 1:32:38]} 6. Nf3 {[%clk
1:32:14]} d6 {[%clk 1:33:05]} 7. Bd3 {[%clk 1:32:19]} e6 {[%clk 1:32:03]} 8. h3
{[%clk 1:32:37]} exd5 {[%clk 1:32:28]} 9. exd5 {[%clk 1:33:02]} Re8+ {[%clk
1:32:56]} 10. Be3 {[%clk 1:33:17]} Nbd7 {[%clk 1:33:17]} 11. O-O {[%clk
1:33:20]} a6 {[%clk 1:33:45]} 12. a4 {[%clk 1:32:11]} Rxe3 {[%clk 1:33:48]} 13.
fxe3 {[%clk 1:32:34]} Qe7 {[%clk 1:34:16]} 14. Qd2 {[%clk 1:31:46]} Nh5 {[%clk
1:33:34]} 15. Qf2 {[%clk 1:26:02]} Ne5 {[%clk 1:32:29]} 16. Be2 {[%clk
1:23:14]} Nxf3+ {[%clk 1:30:19]} 17. Bxf3 {[%clk 1:22:48]} Nf6 {[%clk 1:30:45]}
18. Rae1 {[%clk 1:08:45]} Nd7 {[%clk 1:24:40]} 19. Be2 {[%clk 1:08:52]} h5
{[%clk 1:22:25]} 20. Nb1 {[%clk 0:44:51]} h4 {[%clk 1:11:10]} 21. Nd2 {[%clk
0:44:39]} Bxb2 {[%clk 1:03:11]} 22. Nf3 {[%clk 0:44:50]} Bf6 {[%clk 1:02:18]}
23. Bd3 {[%clk 0:42:57]} b6 {[%clk 0:43:14]} 24. Qc2 {[%clk 0:40:46]} Kg7
{[%clk 0:40:05]} 25. Kh1 {[%clk 0:39:31]} Bb7 {[%clk 0:37:34]} 26. Qb3 {[%clk
0:37:05]} a5 {[%clk 0:35:00]} 27. Re2 {[%clk 0:35:33]} Re8 {[%clk 0:34:32]} 28.
Qb5 {[%clk 0:29:08]} Qd8 {[%clk 0:34:36]} 29. Qb1 {[%clk 0:27:40]} Ba6 {[%clk
0:33:54]} 30. Qc2 {[%clk 0:26:12]} Re7 {[%clk 0:32:13]} 31. Qb3 {[%clk
0:20:11]} Qe8 {[%clk 0:30:58]} 32. Bc2 {[%clk 0:19:13]} Qh8 {[%clk 0:25:33]}
33. Ref2 {[%clk 0:16:07]} Qe8 {[%clk 0:19:27]} 34. Re1 {[%clk 0:14:41]} Kg8
{[%clk 0:13:06]} 35. Rff1 {[%clk 0:10:56]} Qf8 {[%clk 0:05:55]} 36. Rf2 {[%clk
0:10:30]} Qh6 {[%clk 0:05:15]} 37. Bb1 {[%clk 0:07:13]} Bg7 {[%clk 0:03:19]}
38. Rfe2 {[%clk 0:05:29]} Re8 {[%clk 0:02:58]} 39. Bc2 {[%clk 0:05:11]} Re7
{[%clk 0:01:31]} 40. Bb1 {[%clk 0:05:14]} Re8 {[%clk 0:01:51]} 41. Bc2 {[%clk
0:27:23]} Rb8 {[%clk 0:29:34]} 42. Rf2 {[%clk 0:26:47]} Nf6 {[%clk 0:25:59]}
43. Kg1 {[%clk 0:25:35]} Rb7 {[%clk 0:17:42]} 44. Nd2 {[%clk 0:23:48]} Qg5
{[%clk 0:13:43]} 45. Rf3 {[%clk 0:14:27]} Nd7 {[%clk 0:12:02]} 46. Rf4 {[%clk
0:11:38]} Ne5 {[%clk 0:01:26]} 47. Ref1 {[%clk 0:06:39]} Qe7 {[%clk 0:00:58]}
48. R4f2 {[%clk 0:04:58]} Rb8 {[%clk 0:00:48]} 49. Bd3 {[%clk 0:04:21]} Qe8
{[%clk 0:01:13]} 50. Be2 {[%clk 0:03:50]} Qe7 {[%clk 0:01:26]} 51. Nf3 {[%clk
0:04:06]} Nd7 {[%clk 0:01:36]} 52. Bd1 {[%clk 0:03:39]} Re8 {[%clk 0:01:22]}
53. Re1 {[%clk 0:03:49]} Bh6 {[%clk 0:00:38]} 54. Rfe2 {[%clk 0:04:04]} Qe4
{[%clk 0:00:43]} 55. Nd2 {[%clk 0:04:19]} Qe5 {[%clk 0:01:00]} 56. Bc2 {[%clk
0:03:57]} Bg7 {[%clk 0:00:50]} 57. Nf3 {[%clk 0:03:38]} Qc3 {[%clk 0:00:42]}
58. Rc1 {[%clk 0:03:29]} Qxc4 {[%clk 0:00:38]} 59. Ree1 {[%clk 0:02:18]} Bh6
{[%clk 0:00:35]} 60. Kf2 {[%clk 0:02:18]} Nf6 {[%clk 0:00:39]} 61. Qxb6 {[%clk
0:01:33]} Nxd5 {[%clk 0:00:53]} 62. Qc6 {[%clk 0:01:53]} Bxe3+ {[%clk 0:01:01]}
63. Rxe3 {[%clk 0:02:22]} Re5 64. Re4 Rxe4 {[%clk 0:01:25]} 65. Ne5 {[%clk
0:00:36]} Rxe5 {[%clk 0:00:54]} 0-1

[Event "DVM U16 2019"]
[Site "Magdeburg GER"]
[Date "2019.12.28"]
[Round "3"]
[White "Engert, Kiyan"]
[Black "Lohvinov, Petro"]
[Result "0-1"]
[Termination "normal"]
[Board "3.2"]
[WhiteElo "1730"]
[BlackElo "2032"]
[WhiteTeam "Biebertaler Schachfreunde"]
[BlackTeam "SK München Südost"]
[PlyCount "140"]
[WhiteFideId "16214870"]
[BlackFideId "14176661"]
[EventCountry "GER"]
[EventRounds "7"]
[EventType "team-swiss"]
[EventDate "2019.12.26"]

1. d4 Nf6 2. c4 g6 3. Nf3 Bg7 4. g3 O-O 5. Bg2 d6 6. O-O Nbd7 7. Nc3 e5 8. e4
exd4 9. Nxd4 Re8 10. h3 a6 11. Kh2 Rb8 12. f4 c5 13. Nc2 b5 14. cxb5 axb5 15.
Qxd6 b4 16. e5 bxc3 17. bxc3 Nh5 18. g4 Bf8 19. Qd3 Ng7 20. Ne3 Nb6 21. Qc2 c4
22. a4 Bb7 23. Bxb7 Rxb7 24. Qe4 Rd7 25. a5 Nd5 26. Nxc4 Nxc3 27. Qc2 Nb5 28.
Be3 Ne6 29. a6 Ned4 30. Qb2 Re6 31. Bxd4 Nxd4 32. a7 Qa8 33. Nb6 Rb7 34. Nxa8
Rxb2+ 35. Kh1 Nb5 36. Rfc1 Re8 37. Nc7 Nxc7 38. Rxc7 Ra8 39. Rd1 Rf2 40. Rb1
Ra2 41. Rbb7 Rd8 42. Rb1 Rd3 43. g5 Rxh3+ 44. Kg1 Rg3+ 45. Kf1 Rf3+ 46. Kg1
Rxf4 47. Rc8 Rxa7 48. Rbb8 Rg4+ 49. Kf2 Rxg5 50. Rxf8+ Kg7 51. Rg8+ Kh6 52.
Rge8 Ra3 53. e6 fxe6 54. Rxe6 Rf5+ 55. Kg2 Rc5 56. Rb2 Rcc3 57. Re7 Rg3+ 58.
Kh2 Rh3+ 59. Kg2 Rag3+ 60. Kf2 Rh2+ 61. Kxg3 Rxb2 62. Rd7 g5 63. Rc7 Kg6 64.
Rc6+ Kh5 65. Ra6 Rb3+ 66. Kg2 h6 67. Rc6 g4 68. Rc8 Kh4 69. Rb8 Rb4 70. Rb6
Rxb6 0-1

[Event "DVM U16 2019"]
[Site "Magdeburg GER"]
[Date "2019.12.28"]
[Round "3"]
[White "Costa, Leonardo"]
[Black "Grunwald, Jonathan"]
[Result "1-0"]
[Termination "normal"]
[Board "3.3"]
[WhiteElo "2048"]
[BlackElo "1815"]
[WhiteClock "00:26:13"]
[BlackClock "00:19:53"]
[WhiteTeam "SK München Südost"]
[BlackTeam "Biebertaler Schachfreunde"]
[PlyCount "57"]
[WhiteFideId "16213955"]
[BlackFideId "12955744"]
[EventCountry "GER"]
[EventRounds "7"]
[EventType "team-swiss"]
[EventDate "2019.12.26"]

1. e4 {[%clk 1:30:59]} e5 {[%clk 1:30:53]} 2. Nf3 {[%clk 1:31:24]} Nc6 {[%clk
1:31:19]} 3. d4 {[%clk 1:31:50]} exd4 {[%clk 1:31:36]} 4. Nxd4 {[%clk 1:32:15]}
Bc5 {[%clk 1:31:41]} 5. Nb3 {[%clk 1:32:39]} Bb6 {[%clk 1:31:34]} 6. Nc3 {[%clk
1:32:46]} Nf6 {[%clk 1:30:45]} 7. Bd3 {[%clk 1:32:09]} d6 {[%clk 1:26:34]} 8.
Bg5 {[%clk 1:27:45]} h6 {[%clk 1:23:30]} 9. Bh4 {[%clk 1:27:55]} Be6 {[%clk
1:20:16]} 10. Qe2 {[%clk 1:17:09]} g5 {[%clk 0:58:52]} 11. Bg3 {[%clk 1:16:15]}
Bxb3 {[%clk 0:57:51]} 12. axb3 {[%clk 1:14:53]} Nd4 {[%clk 0:57:39]} 13. Qd2
{[%clk 1:08:44]} Qd7 {[%clk 0:57:25]} 14. O-O-O {[%clk 1:07:25]} O-O-O {[%clk
0:57:01]} 15. Na4 {[%clk 1:00:02]} Rde8 {[%clk 0:51:58]} 16. Nxb6+ {[%clk
0:59:52]} axb6 {[%clk 0:52:15]} 17. Qc3 {[%clk 0:59:50]} c5 {[%clk 0:45:23]}
18. f3 {[%clk 0:45:42]} Qe6 {[%clk 0:37:42]} 19. Rhe1 {[%clk 0:29:53]} Nd7
{[%clk 0:33:52]} 20. Bc4 {[%clk 0:27:54]} Qg6 {[%clk 0:31:25]} 21. Bxf7 {[%clk
0:27:21]} Qxf7 {[%clk 0:31:48]} 22. Rxd4 {[%clk 0:27:46]} h5 {[%clk 0:29:19]}
23. Rxd6 {[%clk 0:27:27]} h4 {[%clk 0:28:04]} 24. Bf2 {[%clk 0:27:42]} Rd8
{[%clk 0:26:34]} 25. Red1 {[%clk 0:27:20]} Rhf8 {[%clk 0:25:30]} 26. e5 {[%clk
0:25:49]} Qf4+ {[%clk 0:23:40]} 27. Be3 {[%clk 0:26:07]} Qf5 {[%clk 0:20:45]}
28. e6 {[%clk 0:25:53]} Nf6 {[%clk 0:19:53]} 29. e7 {[%clk 0:26:13]} 1-0

[Event "DVM U16 2019"]
[Site "Magdeburg GER"]
[Date "2019.12.28"]
[Round "3"]
[White "Peschel, Julia"]
[Black "Ponomarev, Maximilian"]
[Result "0-1"]
[Termination "normal"]
[Board "3.4"]
[WhiteElo "1384"]
[BlackElo "2046"]
[WhiteTeam "Biebertaler Schachfreunde"]
[BlackTeam "SK München Südost"]
[PlyCount "82"]
[WhiteFideId "16255593"]
[BlackFideId "16216768"]
[EventCountry "GER"]
[EventRounds "7"]
[EventType "team-swiss"]
[EventDate "2019.12.26"]

1. e4 c5 2. c3 d5 3. exd5 Qxd5 4. d4 Nf6 5. Nf3 e6 6. Be3 Be7 7. dxc5 Qxd1+ 8.
Kxd1 O-O 9. b4 a5 10. Bc4 Ng4 11. Bd4 Nc6 12. Ke2 axb4 13. Rd1 e5 14. Be3 Nxe3
15. fxe3 e4 16. Nd4 Bg4+ 17. Ke1 Bxd1 18. Kxd1 bxc3 19. Nxc3 Rad8 20. Ke2 Nxd4+
21. exd4 Rxd4 22. Bd5 Bf6 23. Rd1 Rxd1 24. Nxd1 Bd4 25. Bxb7 Bxc5 26. Bxe4 Bd4
27. a4 Bb6 28. Nb2 Re8 29. Kf3 Rc8 30. Bd5 Rc5 31. Ke4 Rc2 32. Nc4 Bg1 33. Ne3
Re2 34. Bc6 Rxe3+ 35. Kf4 Rc3 36. Bb5 Bxh2+ 37. Ke4 Rg3 38. Kd4 Rxg2 39. a5
Bg1+ 40. Kc4 Rg5 41. a6 Rxb5 0-1

[Event "DVM U16 2019"]
[Site "Magdeburg GER"]
[Date "2019.12.28"]
[Round "3"]
[White "Bosselmann, Tom Linus"]
[Black "Nguyen, Alex Dac-Vuong"]
[Result "0-1"]
[Termination "normal"]
[Board "4.1"]
[BlackTitle "FM"]
[WhiteElo "2077"]
[BlackElo "2409"]
[WhiteClock "00:01:05"]
[BlackClock "00:30:44"]
[WhiteTeam "Lübecker SV von 1873"]
[BlackTeam "Schachgemeinschaft Leipzig"]
[PlyCount "68"]
[WhiteFideId "12983845"]
[BlackFideId "12984388"]
[EventCountry "GER"]
[EventRounds "7"]
[EventType "team-swiss"]
[EventDate "2019.12.26"]

1. e4 {[%clk 1:30:57]} c5 {[%clk 1:30:53]} 2. Nf3 {[%clk 1:30:17]} e6 {[%clk
1:31:14]} 3. d4 {[%clk 1:29:28]} cxd4 {[%clk 1:31:38]} 4. Nxd4 {[%clk 1:29:52]}
a6 {[%clk 1:32:03]} 5. Nc3 {[%clk 1:28:31]} Qc7 {[%clk 1:32:24]} 6. g3 {[%clk
1:25:30]} Bb4 {[%clk 1:32:19]} 7. Bd2 {[%clk 1:22:48]} Nf6 {[%clk 1:32:29]} 8.
Bg2 {[%clk 1:22:19]} Nc6 {[%clk 1:32:50]} 9. Nb3 {[%clk 1:21:29]} Be7 {[%clk
1:29:01]} 10. O-O {[%clk 1:21:22]} O-O {[%clk 1:29:18]} 11. f4 {[%clk 1:20:46]}
d6 {[%clk 1:29:35]} 12. a4 {[%clk 1:18:44]} Rb8 {[%clk 1:25:15]} 13. g4 {[%clk
1:09:49]} b5 {[%clk 1:24:17]} 14. axb5 {[%clk 1:09:50]} axb5 {[%clk 1:24:42]}
15. g5 {[%clk 0:58:56]} Nd7 {[%clk 1:24:35]} 16. Qe2 {[%clk 0:47:40]} b4 {[%clk
1:14:21]} 17. Nd5 {[%clk 0:43:24]} exd5 {[%clk 1:14:25]} 18. exd5 {[%clk
0:43:44]} Nce5 {[%clk 1:14:22]} 19. fxe5 {[%clk 0:43:48]} Nxe5 {[%clk 1:13:41]}
20. Nd4 {[%clk 0:22:17]} Qc5 {[%clk 1:04:38]} 21. c3 {[%clk 0:19:38]} Bd7
{[%clk 0:55:57]} 22. Be4 {[%clk 0:10:40]} f5 {[%clk 0:41:22]} 23. gxf6 {[%clk
0:10:00]} Rxf6 {[%clk 0:41:32]} 24. Rxf6 {[%clk 0:09:36]} Bxf6 {[%clk 0:41:40]}
25. Kh1 {[%clk 0:09:35]} Ng4 {[%clk 0:35:49]} 26. h3 {[%clk 0:02:54]} bxc3
{[%clk 0:34:10]} 27. bxc3 {[%clk 0:03:23]} Bxd4 {[%clk 0:33:34]} 28. hxg4
{[%clk 0:03:51]} Be5 {[%clk 0:33:02]} 29. g5 {[%clk 0:03:26]} g6 {[%clk
0:32:43]} 30. Bg2 {[%clk 0:01:06]} Re8 {[%clk 0:31:12]} 31. Qd3 {[%clk
0:00:41]} Qf2 {[%clk 0:30:43]} 32. Ra6 {[%clk 0:00:34]} Qh4+ {[%clk 0:30:38]}
33. Kg1 {[%clk 0:01:03]} Rf8 {[%clk 0:30:44]} 34. Bf3 {[%clk 0:01:05]} Qg3+ 0-1

[Event "DVM U16 2019"]
[Site "Magdeburg GER"]
[Date "2019.12.28"]
[Round "3"]
[White "Haufe, Laurin"]
[Black "Rietschel, Tilo"]
[Result "0-1"]
[Termination "normal"]
[Board "4.2"]
[WhiteElo "2022"]
[BlackElo "2005"]
[WhiteTeam "Schachgemeinschaft Leipzig"]
[BlackTeam "Lübecker SV von 1873"]
[PlyCount "141"]
[WhiteFideId "12976504"]
[BlackFideId "16208390"]
[EventCountry "GER"]
[EventRounds "7"]
[EventType "team-swiss"]
[EventDate "2019.12.26"]

1. e4 c5 2. Nf3 d6 3. d4 cxd4 4. Nxd4 Nf6 5. Nc3 g6 6. Be3 Bg7 7. f3 O-O 8. Qd2
Nc6 9. g4 Be6 10. h4 d5 11. g5 Nh5 12. O-O-O Nxd4 13. Bxd4 dxe4 14. Bxg7 Qxd2+
15. Rxd2 e3 16. Bxf8 exd2+ 17. Kxd2 Kxf8 18. Bd3 Rd8 19. Ke3 f5 20. Ne2 Bd7 21.
f4 Re8 22. Kd4 Nxf4 23. Nxf4 e5+ 24. Ke3 exf4+ 25. Kxf4 Bc6 26. Rc1 Be4 27. b3
Re7 28. Kg3 Ke8 29. Bc4 Kd7 30. c3 Kd6 31. Kf4 Kc5 32. Rd1 b5 33. Bg8 a5 34.
Rd2 Bc6 35. Rd4 Be4 36. Rd2 b4 37. c4 Bc6 38. Bd5 a4 39. h5 a3 40. h6 Kb6 41.
Bf3 Kc7 42. Bxc6 Kxc6 43. Kf3 Re1 44. Re2 Rf1+ 45. Rf2 Ra1 46. Rd2 Rb1 47. Ke3
Rb2 48. Ke2 f4 49. Kd1 f3 50. Ke1 Kb6 51. Rd6+ Kc7 52. Rf6 Rxa2 53. Rf7+ Kb6
54. Rxh7 Ra1+ 55. Kf2 a2 56. Rg7 Rf1+ 57. Kxf1 a1=Q+ 58. Kf2 Qb2+ 59. Kxf3
Qxb3+ 60. Kf2 Qc2+ 61. Kg3 b3 62. Rf7 Qc3+ 63. Kg4 Qxc4+ 64. Rf4 Qe2+ 65. Kg3
Qe3+ 66. Kg4 b2 67. Rf8 Qe4+ 68. Kh3 b1=Q 69. Rb8+ Kc7 70. Rb6 Qbd3+ 71. Kg4
0-1

[Event "DVM U16 2019"]
[Site "Magdeburg GER"]
[Date "2019.12.28"]
[Round "3"]
[White "Glinzner, Alva"]
[Black "Wang, Ruiming"]
[Result "0-1"]
[Termination "normal"]
[Board "4.3"]
[WhiteElo "1812"]
[BlackElo "1808"]
[WhiteTeam "Lübecker SV von 1873"]
[BlackTeam "Schachgemeinschaft Leipzig"]
[PlyCount "89"]
[WhiteFideId "16206169"]
[BlackFideId "16217659"]
[EventCountry "GER"]
[EventRounds "7"]
[EventType "team-swiss"]
[EventDate "2019.12.26"]

1. e4 c5 2. Nf3 Nc6 3. Bb5 d6 4. Bxc6+ bxc6 5. O-O e5 6. d3 Be7 7. Nbd2 f5 8.
exf5 Bxf5 9. Ne4 Nf6 10. Ng3 Bg4 11. h3 Bd7 12. Nh4 O-O 13. Nhf5 Nd5 14. Ne3
Nf4 15. Nh5 Qe8 16. Nxf4 Rxf4 17. Nc4 Rh4 18. Qf3 Qg6 19. Qg3 Qh5 20. Kh2 Rf8
21. f3 Rxc4 22. Qf2 Rh4 23. Qg3 Rd4 24. Qe1 Bh4 25. Qe2 Qg6 26. Be3 Bg3+ 27.
Kg1 Rh4 28. Bf2 Bxh3 29. Bxg3 Qxg3 30. Qf2 Qxf2+ 31. Kxf2 Be6 32. Rfe1 c4 33.
Rad1 cxd3 34. Rxd3 Bd5 35. Kg3 Rh6 36. Ra3 Rg6+ 37. Kh2 Rf5 38. Re2 Rh5+ 39.
Kg1 Rh3 40. Kf1 Rh1+ 41. Kf2 Bc4 42. Rd2 Rf1+ 43. Ke3 d5 44. c3 c5 45. Kd4 0-1

[Event "DVM U16 2019"]
[Site "Magdeburg GER"]
[Date "2019.12.28"]
[Round "3"]
[White "Schäfer, Konstantin"]
[Black "Bornholdt, Joa Max"]
[Result "1/2-1/2"]
[Termination "normal"]
[Board "4.4"]
[WhiteElo "1766"]
[BlackElo "1890"]
[WhiteClock "00:03:35"]
[BlackClock "00:02:50"]
[WhiteTeam "Schachgemeinschaft Leipzig"]
[BlackTeam "Lübecker SV von 1873"]
[PlyCount "213"]
[WhiteFideId "16240510"]
[BlackFideId "16253477"]
[EventCountry "GER"]
[EventRounds "7"]
[EventType "team-swiss"]
[EventDate "2019.12.26"]

1. e4 {[%clk 1:30:56]} e5 {[%clk 1:30:46]} 2. Nf3 {[%clk 1:31:23]} Nc6 {[%clk
1:31:04]} 3. Bc4 {[%clk 1:31:48]} Nf6 {[%clk 1:31:27]} 4. Ng5 {[%clk 1:32:13]}
d5 {[%clk 1:31:07]} 5. exd5 {[%clk 1:32:27]} Na5 {[%clk 1:31:31]} 6. Bb5+
{[%clk 1:32:34]} c6 {[%clk 1:31:11]} 7. dxc6 {[%clk 1:32:59]} bxc6 {[%clk
1:30:50]} 8. Bd3 {[%clk 1:33:20]} Nd5 {[%clk 1:29:14]} 9. Nf3 {[%clk 1:33:31]}
Bd6 {[%clk 1:24:18]} 10. O-O {[%clk 1:33:41]} O-O {[%clk 1:24:32]} 11. Re1
{[%clk 1:33:25]} Re8 {[%clk 1:20:55]} 12. Bf1 {[%clk 1:31:32]} e4 {[%clk
1:17:05]} 13. Nd4 {[%clk 1:25:11]} Nf6 {[%clk 1:02:52]} 14. h3 {[%clk 0:44:10]}
Bc5 {[%clk 0:54:59]} 15. Nb3 {[%clk 0:44:17]} Nxb3 {[%clk 0:54:50]} 16. axb3
{[%clk 0:44:40]} Qb6 {[%clk 0:54:01]} 17. Qe2 {[%clk 0:31:13]} Nd5 {[%clk
0:47:16]} 18. g3 {[%clk 0:18:06]} Qc7 {[%clk 0:42:09]} 19. Kg2 {[%clk 0:15:23]}
Qd7 {[%clk 0:35:40]} 20. Kh2 {[%clk 0:06:17]} a5 {[%clk 0:27:45]} 21. d4 {[%clk
0:03:46]} Bxd4 {[%clk 0:26:52]} 22. c3 {[%clk 0:03:29]} Bb6 {[%clk 0:26:05]}
23. Na3 {[%clk 0:03:02]} Qf5 {[%clk 0:22:25]} 24. Be3 {[%clk 0:02:40]} Nxe3
{[%clk 0:20:51]} 25. fxe3 {[%clk 0:03:06]} Bc7 {[%clk 0:21:01]} 26. Bg2 {[%clk
0:02:54]} Qg5 {[%clk 0:19:31]} 27. Qf2 {[%clk 0:02:56]} Re6 {[%clk 0:18:44]}
28. Rf1 {[%clk 0:03:22]} Rf6 {[%clk 0:18:48]} 29. Qe1 {[%clk 0:03:47]} Rxf1
{[%clk 0:18:40]} 30. Bxf1 {[%clk 0:04:12]} Be6 {[%clk 0:18:05]} 31. Bc4 {[%clk
0:03:12]} h5 {[%clk 0:17:02]} 32. Bxe6 {[%clk 0:03:26]} fxe6 {[%clk 0:17:31]}
33. Rd1 {[%clk 0:00:51]} h4 {[%clk 0:17:14]} 34. Kh1 {[%clk 0:00:48]} hxg3
{[%clk 0:15:58]} 35. Nc4 {[%clk 0:00:43]} Qh5 {[%clk 0:11:40]} 36. Kg2 {[%clk
0:00:56]} Rf8 {[%clk 0:11:33]} 37. Rd2 {[%clk 0:01:12]} g5 {[%clk 0:07:48]} 38.
Qd1 {[%clk 0:00:49]} Qf3+ {[%clk 0:07:26]} 39. Kg1 {[%clk 0:01:08]} g2 {[%clk
0:06:30]} 40. Qxf3 {[%clk 0:01:03]} exf3 {[%clk 0:06:59]} 41. Rf2 {[%clk
0:01:19]} Bg3 {[%clk 0:06:05]} 42. Rxf3 {[%clk 0:01:41]} Rxf3 {[%clk 0:06:31]}
43. Kxg2 {[%clk 0:02:08]} Rf2+ {[%clk 0:06:21]} 44. Kxg3 {[%clk 0:02:33]} Rc2
{[%clk 0:04:44]} 45. Nxa5 {[%clk 0:02:35]} Rxb2 {[%clk 0:04:59]} 46. b4 {[%clk
0:03:00]} Rc2 {[%clk 0:04:44]} 47. c4 {[%clk 0:03:26]} Kg7 {[%clk 0:04:51]} 48.
c5 {[%clk 0:03:50]} Kf6 {[%clk 0:04:27]} 49. Nxc6 {[%clk 0:03:17]} e5 {[%clk
0:03:55]} 50. Nb8 {[%clk 0:24:06]} Ke6 {[%clk 0:30:19]} 51. Na6 {[%clk
0:20:32]} Rc1 {[%clk 0:25:02]} 52. b5 {[%clk 0:19:39]} Rb1 {[%clk 0:24:42]} 53.
c6 {[%clk 0:13:59]} Kd6 {[%clk 0:23:09]} 54. c7 {[%clk 0:13:15]} Kd7 {[%clk
0:22:19]} 55. Nc5+ {[%clk 0:13:39]} Kxc7 {[%clk 0:21:38]} 56. Ne6+ {[%clk
0:14:02]} Kd6 {[%clk 0:21:46]} 57. Nxg5 {[%clk 0:14:08]} Rxb5 {[%clk 0:21:48]}
58. e4 {[%clk 0:13:07]} Ke7 {[%clk 0:20:58]} 59. Kg4 {[%clk 0:10:43]} Kf6
{[%clk 0:19:54]} 60. h4 {[%clk 0:08:17]} Rb1 {[%clk 0:18:19]} 61. Nh7+ {[%clk
0:07:24]} Kg7 {[%clk 0:16:33]} 62. Ng5 {[%clk 0:07:35]} Rf1 {[%clk 0:16:07]}
63. Nf3 {[%clk 0:05:06]} Kf6 {[%clk 0:16:11]} 64. Kg3 {[%clk 0:04:07]} Ra1
{[%clk 0:15:01]} 65. Ng5 {[%clk 0:02:14]} Ra3+ {[%clk 0:14:39]} 66. Kg4 {[%clk
0:02:31]} Re3 {[%clk 0:13:25]} 67. Nh7+ {[%clk 0:01:27]} Kg7 {[%clk 0:10:52]}
68. Ng5 {[%clk 0:01:51]} Kg6 {[%clk 0:11:16]} 69. h5+ {[%clk 0:02:12]} Kf6
{[%clk 0:11:15]} 70. Nh7+ {[%clk 0:02:35]} Ke7 {[%clk 0:10:15]} 71. Ng5 {[%clk
0:02:14]} Kf6 {[%clk 0:05:00]} 72. Nh7+ {[%clk 0:02:37]} Kg7 {[%clk 0:05:11]}
73. Ng5 {[%clk 0:03:02]} Kh6 {[%clk 0:04:38]} 74. Nf7+ {[%clk 0:03:18]} Kg7
{[%clk 0:04:58]} 75. Nxe5 {[%clk 0:03:42]} Rxe4+ {[%clk 0:05:25]} 76. Kf5
{[%clk 0:04:02]} Re1 {[%clk 0:05:31]} 77. Ng4 {[%clk 0:03:25]} Ra1 {[%clk
0:05:10]} 78. h6+ {[%clk 0:02:59]} Kh7 {[%clk 0:04:48]} 79. Kg5 {[%clk
0:02:28]} Ra5+ {[%clk 0:03:58]} 80. Kf4 {[%clk 0:02:19]} Kg6 {[%clk 0:04:11]}
81. Ne5+ {[%clk 0:02:11]} Kxh6 {[%clk 0:04:31]} 82. Kf5 {[%clk 0:02:36]} Kg7
{[%clk 0:04:52]} 83. Ke6 {[%clk 0:02:49]} Ra6+ {[%clk 0:04:44]} 84. Kd5 {[%clk
0:03:04]} Kf6 {[%clk 0:05:08]} 85. Nd7+ {[%clk 0:03:25]} Kf5 {[%clk 0:05:16]}
86. Nc5 {[%clk 0:03:36]} Ra1 {[%clk 0:05:45]} 87. Nb3 {[%clk 0:03:06]} Rd1+
{[%clk 0:05:49]} 88. Nd4+ {[%clk 0:03:14]} Kf4 {[%clk 0:06:17]} 89. Kc5 {[%clk
0:03:09]} Ke4 {[%clk 0:06:24]} 90. Ne2 {[%clk 0:03:06]} Ke3 {[%clk 0:05:13]}
91. Ng3 {[%clk 0:03:18]} Kf4 {[%clk 0:03:16]} 92. Ne2+ {[%clk 0:03:16]} Ke5
{[%clk 0:03:45]} 93. Kc4 {[%clk 0:03:13]} Rd2 {[%clk 0:03:22]} 94. Nc3 {[%clk
0:03:16]} Rd8 {[%clk 0:03:47]} 95. Ne2 {[%clk 0:02:56]} Rc8+ {[%clk 0:01:50]}
96. Kd3 {[%clk 0:03:20]} Rc7 {[%clk 0:01:59]} 97. Ng1 {[%clk 0:02:54]} Ra7
{[%clk 0:01:34]} 98. Nf3+ {[%clk 0:03:08]} Kf4 {[%clk 0:02:02]} 99. Nd4 {[%clk
0:02:47]} Rd7 {[%clk 0:02:03]} 100. Kc4 {[%clk 0:03:10]} Ke4 {[%clk 0:02:26]}
101. Nb5 {[%clk 0:03:08]} Ke5 {[%clk 0:02:25]} 102. Nc3 {[%clk 0:02:38]} Rd4+
{[%clk 0:02:26]} 103. Kc5 {[%clk 0:03:01]} Rd8 {[%clk 0:02:32]} 104. Kc4 {[%clk
0:03:18]} Rh8 {[%clk 0:02:35]} 105. Kd3 {[%clk 0:03:22]} Rh3+ {[%clk 0:02:25]}
106. Kc4 {[%clk 0:03:47]} Rxc3+ {[%clk 0:02:50]} 107. Kxc3 {[%clk 0:03:35]}
1/2-1/2

[Event "DVM U16 2019"]
[Site "Magdeburg GER"]
[Date "2019.12.28"]
[Round "3"]
[White "Burian, Simon"]
[Black "Brockhoff, Moritz"]
[Result "1-0"]
[Termination "normal"]
[Board "5.1"]
[WhiteElo "2149"]
[BlackElo "2014"]
[WhiteTeam "Schachklub König Plauen"]
[BlackTeam "SK Blauer Springer Paderborn 1926 e. V."]
[PlyCount "51"]
[WhiteFideId "12956902"]
[BlackFideId "16214927"]
[EventCountry "GER"]
[EventRounds "7"]
[EventType "team-swiss"]
[EventDate "2019.12.26"]

1. e4 d6 2. d4 Nf6 3. Nc3 g6 4. f4 Bg7 5. Nf3 c5 6. dxc5 Qa5 7. Bd3 Qxc5 8. Qe2
O-O 9. Bd2 a6 10. O-O-O b5 11. e5 dxe5 12. Ne4 Qc7 13. fxe5 Nxe4 14. Bxe4 Bb7
15. Bxb7 Qxb7 16. e6 f5 17. h4 b4 18. h5 Rc8 19. hxg6 b3 20. gxh7+ Kh8 21. axb3
Nc6 22. Bc3 Bf6 23. Ng5 Nb4 24. Nf7+ Kg7 25. Kb1 Rxc3 26. Qh5 1-0

[Event "DVM U16 2019"]
[Site "Magdeburg GER"]
[Date "2019.12.28"]
[Round "3"]
[White "Stirnberg, Noah"]
[Black "Pivtorak, Illia"]
[Result "1-0"]
[Termination "normal"]
[Board "5.2"]
[WhiteElo "1877"]
[BlackElo "1491"]
[WhiteTeam "SK Blauer Springer Paderborn 1926 e. V."]
[BlackTeam "Schachklub König Plauen"]
[PlyCount "101"]
[WhiteFideId "16207742"]
[BlackFideId "14194317"]
[EventCountry "GER"]
[EventRounds "7"]
[EventType "team-swiss"]
[EventDate "2019.12.26"]

1. f4 Nf6 2. Nf3 g6 3. b3 Bg7 4. Bb2 d6 5. g3 Nbd7 6. Bg2 O-O 7. O-O Re8 8. Re1
e5 9. fxe5 Nxe5 10. Nxe5 dxe5 11. e4 Bg4 12. Bf3 Qd7 13. d3 h5 14. Nd2 Nh7 15.
Rf1 f5 16. Qe1 f4 17. gxf4 exf4 18. Bxg7 Kxg7 19. Bxg4 Qxg4+ 20. Kh1 Rf8 21.
Nf3 Kh6 22. Qf2 g5 23. Nd4 Nf6 24. Nf5+ Kg6 25. Rg1 Qh3 26. Qxf4 Ng4 27. Qg3
Qxg3 28. Rxg3 Nh6 29. Nh4+ Kf6 30. e5+ Ke6 31. Rxg5 Ng4 32. h3 Ne3 33. c4 Rf2
34. Re1 Nc2 35. Re4 Raf8 36. Rg6+ Ke7 37. Rg2 Rf1+ 38. Kh2 Ne1 39. Ng6+ Ke8 40.
Nxf8 Nxg2 41. Kxg2 Rxf8 42. Kg3 Rg8+ 43. Kf3 Ke7 44. Rh4 Rf8+ 45. Ke4 Rh8 46.
d4 Rh6 47. d5 c6 48. Kf5 cxd5 49. cxd5 Ra6 50. Rxh5 Rxa2 51. Rh7+ 1-0